000 01219nam a2200241 a 4500
008 120416s1989 ||||||||||||||||| || u
020 _a0884628159
050 _aHD 7293.Z9 Sir
100 _aSirota, David
245 1 0 _aEssentials of real estate finance
250 _a5th ed.
260 _aChicago, Ill.
_bReal Estate Education
_c1989
300 _axxiv, 306 p. : ill.
350 _a0.00
650 _aMortgage loans- - United States
650 _aHOUSE- - UNITED TATES- - FINANCE
650 _aHOUSING
650 _aREAL ESTATE BUSINESS--UNITED STATES
995 _aMAIN LIBRARY OPEN ACCESS
_D0.00
_e725506
_FCBU-MAIN LIBRARY (Kitwe)
_H1
_I19.50
_jHD 7293.Z9 Sir
_M3
_UAVAILABLE
_WApr 27, 2006
_y004374
_ZMain Library Open Access Collection
995 _aBINDERY (DAMAGED)
_D0.00
_e725503
_FCBU-MAIN LIBRARY (Kitwe)
_H3
_I19.50
_jHD 7293.Z9 Sir
_M4
_UDAMAGED
_y004375
_ZMain Library Open Access Collection
995 _aMAIN LIBRARY OPEN ACCESS
_D0.00
_e725505
_FCBU-MAIN LIBRARY (Kitwe)
_H4
_I19.50
_jHD 7293.Z9 Sir
_M1
_UAVAILABLE
_y004373
_ZMain Library Open Access Collection
995 _aBINDERY (DAMAGED)
_D0.00
_e725504
_FCBU-MAIN LIBRARY (Kitwe)
_H2
_I19.50
_jHD 7293.Z9 Sir
_M2
_UDAMAGED
_y004406
_ZMain Library Open Access Collection
999 _c62854
_d62854